Problemas del habla infantil

-д хадгалсан:
Номзүйн дэлгэрэнгүй
Үндсэн зохиолч: Wendell, Johnson (Зохиогч)
Формат: Ном
Хэл сонгох:испани
Хэвлэсэн: Buenos Aires Kapelusz 1973
Цуврал:Biblioteca de Cultura Pedagógica
Нөхцлүүд:
Шошгууд: Шошго нэмэх
Шошго байхгүй, Энэхүү баримтыг шошголох эхний хүн болох!

MARC

LEADER 00000nam a2200000 a 4500
001 UCW4638
003 CL-VaPUC
008 900611e19730000AG |||||||||||||||||spa|d
082 0 4 |a 371.914  |b WEN  |2 21 
100 0 |a Wendell, Johnson  |e author  |9 309423 
245 1 0 |a Problemas del habla infantil 
300 |a 236 p 
942 |c BK 
945 |d 19900611 00:00:00 
260 |a Buenos Aires  |b Kapelusz  |c 1973 
650 0 |a Lenguaje   |9 265069 
650 7 |a TRASTORNOS EN NIÑOS  |2 CL-VaPUC  |9 309424 
650 7 |a TRASTORNOS DEL HABLA EN NIÑOS  |2 CL-VaPUC  |9 308809 
650 0 |a Trastornos de la voz en niños  |9 309425 
583 |a last modification  |c 19900611 00:00:00  |k Rodrigo Vera 
490 0 |a Biblioteca de Cultura Pedagógica 
999 |c 218311  |d 218309 
952 |0 0  |1 0  |4 0  |6 371_914000000000000_WEN_1973  |7 0  |8 P  |9 207641  |a BIBEDU  |b BIBEDU  |c BIBEDU_PB  |d 2019-11-15  |i 275441K  |o 371.914 WEN 1973  |p 275441K  |r 2024-01-25  |w 2019-11-15  |y BK  |k EDU 
952 |0 0  |1 0  |4 0  |6 371_914000000000000_WEN_1973  |7 0  |8 P  |9 207642  |a BIBEDU  |b BIBEDU  |c BIBEDU_PB  |d 2019-11-15  |i 2754428  |o 371.914 WEN 1973  |p 2754428  |r 2024-01-25  |w 2019-11-15  |y BK  |k EDU 
952 |0 0  |1 0  |4 0  |6 371_914000000000000_WEN_1973  |7 0  |8 P  |9 207643  |a BIBEDU  |b BIBEDU  |c BIBEDU_PB  |d 2019-11-15  |i 2754436  |o 371.914 WEN 1973  |p 2754436  |r 2024-01-25  |w 2019-11-15  |y BK  |k EDU 
952 |0 0  |1 0  |4 0  |6 371_914000000000000_WEN_1973  |7 0  |8 P  |9 207644  |a BIBEDU  |b BIBEDU  |c BIBEDU_PB  |d 2019-11-15  |i 2754452  |o 371.914 WEN 1973  |p 2754452  |r 2024-01-25  |w 2019-11-15  |y BK  |k EDU 
952 |0 0  |1 0  |4 0  |6 371_914000000000000_WEN_1973  |7 0  |8 P  |9 207645  |a BIBEDU  |b BIBEDU  |c BIBEDU_PB  |d 2019-11-15  |i 2754460  |o 371.914 WEN 1973  |p 2754460  |r 2024-01-25  |w 2019-11-15  |y BK  |k EDU 
952 |0 0  |1 0  |4 0  |6 371_914000000000000_WEN_1973  |7 0  |8 P  |9 207646  |a BIBEDU  |b BIBEDU  |c BIBEDU_PB  |d 2019-11-15  |i 1536621  |o 371.914 WEN 1973  |p 1536621  |r 2024-01-25  |w 2019-11-15  |y BK  |k EDU 
952 |0 0  |1 0  |4 0  |6 371_914000000000000_WEN_1973  |7 0  |8 P  |9 207647  |a BIBEDU  |b BIBEDU  |c BIBEDU_PB  |d 2019-11-15  |i 153663K  |o 371.914 WEN 1973  |p 153663K  |r 2024-01-25  |w 2019-11-15  |y BK  |k EDU 
952 |0 0  |1 0  |4 0  |6 371_914000000000000_WEN_1973  |7 0  |8 P  |9 207648  |a BIBEDU  |b BIBEDU  |c BIBEDU_PB  |d 2019-11-15  |i 1536648  |o 371.914 WEN 1973  |p 1536648  |r 2024-01-25  |w 2019-11-15  |y BK  |k EDU 
952 |0 0  |1 0  |4 0  |6 371_914000000000000_WEN_1973  |7 0  |8 P  |9 207649  |a BIBEDU  |b BIBEDU  |c BIBEDU_PB  |d 2019-11-15  |i 1536664  |o 371.914 WEN 1973  |p 1536664  |r 2024-01-25  |w 2019-11-15  |y BK  |k EDU 
952 |0 0  |1 0  |4 0  |6 371_914000000000000_WEN_1973  |7 0  |8 P  |9 207650  |a BIBEDU  |b BIBEDU  |c BIBEDU_PB  |d 2019-11-15  |i 1536672  |o 371.914 WEN 1973  |p 1536672  |r 2024-01-25  |w 2019-11-15  |y BK  |k EDU 
952 |0 0  |1 0  |4 0  |6 371_914000000000000_WEN_1973  |7 0  |8 P  |9 207651  |a BIBEDU  |b BIBEDU  |c BIBEDU_PB  |d 2019-11-15  |i 1536680  |o 371.914 WEN 1973  |p 1536680  |r 2024-01-25  |w 2019-11-15  |y BK  |k EDU 
952 |0 0  |1 0  |4 0  |6 371_914000000000000_WEN_1973  |7 0  |8 P  |9 207652  |a BIBEDU  |b BIBEDU  |c BIBEDU_PB  |d 2019-11-15  |i 1536699  |o 371.914 WEN 1973  |p 1536699  |r 2024-01-25  |w 2019-11-15  |y BK  |k EDU 
952 |0 0  |1 0  |4 0  |6 371_914000000000000_WEN_1973  |7 0  |8 P  |9 207653  |a BIBEDU  |b BIBEDU  |c BIBEDU_PB  |d 2019-11-15  |i 1536702  |o 371.914 WEN 1973  |p 1536702  |r 2024-01-25  |w 2019-11-15  |y BK  |k EDU 
952 |0 0  |1 0  |4 0  |6 371_914000000000000_WEN_1973  |7 0  |8 P  |9 207654  |a BIBEDU  |b BIBEDU  |c BIBEDU_PB  |d 2019-11-15  |i 1536710  |o 371.914 WEN 1973  |p 1536710  |r 2024-01-25  |w 2019-11-15  |y BK  |k EDU 
952 |0 0  |1 0  |4 0  |6 371_914000000000000_WEN_1973  |7 0  |8 P  |9 207655  |a BIBEDU  |b BIBEDU  |c BIBEDU_PB  |d 2019-11-15  |i 1536656  |o 371.914 WEN 1973  |p 1536656  |r 2024-01-25  |w 2019-11-15  |y BK  |k EDU 
952 |0 0  |1 0  |4 0  |6 371_914000000000000_WEN_1973  |7 0  |8 P  |9 207656  |a BIBEDU  |b BIBEDU  |c BIBEDU_PB  |d 2019-11-15  |i 1401467  |o 371.914 WEN 1973  |p 1401467  |r 2024-01-25  |w 2019-11-15  |y BK  |k LIT 
952 |0 0  |1 0  |4 0  |6 371_914000000000000_WEN_1973  |7 0  |8 P  |9 207657  |a BIBEDU  |b BIBEDU  |c BIBEDU_PB  |d 2019-11-15  |i 1401416  |o 371.914 WEN 1973  |p 1401416  |r 2024-01-25  |w 2019-11-15  |y BK  |k LIT